000 00986nam2a2200205 4500
001 RU\NLR\PER_B\2350054_1998_10
005 20250715170042.0
035 _a(NLR Aleph) 022578434
090 _a13448864
_c13448864
100 _a20250702d1998 |||y0rusy50 ca
101 0 _arus
102 _aRU
200 0 _a1998, № 10 (27)
210 _d1998
461 0 _1001RU\NLR\INFOCOMM55\5000115008
_12001#$aСибирская финансовая школа. Аваль$eЖурн. для практиков фин. рынка$fУчредитель: Сиб. ин-т финансов и банк. дела$v1998, № 10 (27)
_94509625
_cНовосибирск
_d1996 -
_fУчредитель: Сиб. ин-т финансов и банк. дела
_oЖурн. для практиков фин. рынка
_tСибирская финансовая школа. Аваль
_x1993-4386
_v1998, № 10 (27)
852 _aNLR
_jП23/3992
942 _cISSUE
980 _aNB
980 _aRUSPER